Guess the country - Statistics

General Stats
  • This quiz has been taken 8 times
  • The average score is 36 of 143
Answers on the Map
Answers color-coded by a green-red scale on the quiz's map according to % correct below.
 
Answer Stats
Country % Correct
Denmark
71%
Russia
71%
United Kingdom
71%
United States
71%
Finland
57%
France
57%
Iceland
57%
Ireland
57%
Italy
57%
Latvia
57%
Mexico
57%
Norway
57%
Poland
57%
Portugal
57%
Spain
57%
Sweden
57%
Germany
43%
Greece
43%
Guatemala
43%
Haiti
43%
Honduras
43%
Hungary
43%
Jamaica
43%
Japan
43%
Lithuania
43%
Malta
43%
Netherlands
43%
New Zealand
43%
Niger
43%
Nigeria
43%
North Macedonia
43%
Pakistan
43%
Panama
43%
Paraguay
43%
Peru
43%
Senegal
43%
Syria
43%
Thailand
43%
Turkey
43%
Ukraine
43%
Dominica
29%
Dominican Republic
29%
Ecuador
29%
Egypt
29%
El Salvador
29%
Estonia
29%
Gambia
29%
Georgia
29%
Ghana
29%
Grenada
29%
India
29%
Indonesia
29%
Iran
29%
Iraq
29%
Israel
29%
Kenya
29%
Kuwait
29%
Laos
29%
Lebanon
29%
Lesotho
29%
Libya
29%
Madagascar
29%
Mali
29%
Mongolia
29%
Morocco
29%
Papua New Guinea
29%
Philippines
29%
Republic of the Congo
29%
Romania
29%
Saudi Arabia
29%
Singapore
29%
Slovakia
29%
Sudan
29%
Switzerland
29%
Trinidad and Tobago
29%
Uruguay
29%
Djibouti
14%
Equatorial Guinea
14%
Ethiopia
14%
Fiji
14%
Gabon
14%
Guinea
14%
Guyana
14%
Jordan
14%
Kazakhstan
14%
Luxembourg
14%
Malawi
14%
Malaysia
14%
Maldives
14%
Monaco
14%
Mozambique
14%
Nauru
14%
Nepal
14%
Nicaragua
14%
North Korea
14%
Oman
14%
Qatar
14%
Saint Kitts and Nevis
14%
Saint Lucia
14%
Saint Vincent and the Grenadines
14%
Samoa
14%
Serbia
14%
Seychelles
14%
Sierra Leone
14%
Slovenia
14%
Somalia
14%
South Africa
14%
South Korea
14%
South Sudan
14%
Sri Lanka
14%
Suriname
14%
Taiwan
14%
Tanzania
14%
Togo
14%
Tonga
14%
Tunisia
14%
Turkmenistan
14%
United Arab Emirates
14%
Uzbekistan
14%
East Timor
0%
Eritrea
0%
Eswatini
0%
Federated States of Micronesia
0%
Guinea-Bissau
0%
Kiribati
0%
Kosovo
0%
Kyrgyzstan
0%
Liberia
0%
Liechtenstein
0%
Marshall Islands
0%
Mauritania
0%
Mauritius
0%
Moldova
0%
Montenegro
0%
Namibia
0%
Palau
0%
Rwanda
0%
San Marino
0%
São Tomé and Príncipe
0%
Solomon Islands
0%
Tajikistan
0%
Tuvalu
0%
Uganda
0%
No matching quizzes found
Score Distribution
Percent of People with Each Score
Percentile by Number Answered
Your Score History
You have not taken this quiz